Music Quiz

Random Music or Artist Quiz

Top 50 Songs of 2012 Quiz Stats

 Plays Quiz not verified by Sporcle

Challenge
Share
Tweet
Embed
Score 0/50 Timer 15:00
0 Plays Today
Artist Song % Correct
Carly Rae JepsenCall Me Maybe
96.4%
Goyte ft KImbraSomebody That I Used To Know
81.5%
One DirectionWhat Makes You Beautiful
81%
Jessie JDomino
73.3%
David Guetta ft Nicki MinajTurn Me On
68.7%
Katy PerryPart Of Me
67.7%
Fun ft Janelle MonaeWe Are Young
65.1%
Maroon 5Payphone
59.5%
One DirectionOne Thing
57.9%
Flo RidaWhistle
56.9%
TrainDrive By
54.9%
Nicki MinajStarships
50.8%
Flo Rida ft SiaWild Ones
50.3%
Kelly ClarksonStronger
48.7%
One DirectionGotta Be You
48.2%
Calvin HarrisLets Go
47.7%
ColdplayParadise
45.1%
Pixie LottKiss The Stars
43.1%
B.o.B ft Taylor SwiftBoth Of Us
41.5%
Pitbull ft Chris BrownInternational Love
39%
B.O.BSo Good
38.5%
Chris BrownDon't Wake Me Up
38.5%
Coldplay ft RihannaPrincess of China
36.4%
The WantedChasing The Sun
35.4%
RihannaWhere Have You Been
30.8%
Artist Song % Correct
Flo RidaGood Feeling
30.3%
Will.I.Am ft Eva SimonsThis Is Love
30.3%
Chris BrownTurn Up The Music
28.2%
Rita OraR.I.P
27.7%
AviciiLevels
27.2%
Lana Del ReyBorn To Die
24.6%
TulisaYoung
24.1%
Emeli SandeNext To Me
23.6%
Lana Del ReyVideo Games
22.1%
DJ Fresh ft Rita Ora Hot Right Now
20.5%
Conor MaynardCan't Say No
20.5%
David Guetta ft Jessie JLaserlight
20.5%
Cheryl ColeCall My Name
19.5%
Rizzle KicksMama Do The Hump
16.4%
StoosheBlack Heart
16.4%
Sean PaulShe Doesn't Mind
15.4%
BeyonceLove On Top
14.4%
Cover DriveTwilight
12.8%
Swedish House MafiaGreyhound
10.8%
Taylor SwiftMean
10.8%
Paloma FaithPicking Up The Pieces
9.2%
Lady GagaBad Romance
7.7%
Jason DeruloBreathing
7.2%
Marina And The DiamondsPrimadonna Girls
5.1%
Kelly RowlandDown For Whatever
4.1%

You're not logged in!

Compare scores with friends on all Sporcle quizzes.
Join for Free
OR
Log In

You Might Also Like...

Show Comments

Extras

Top Quizzes Today


Score Distribution

Your Account Isn't Verified!

In order to create a playlist on Sporcle, you need to verify the email address you used during registration. Go to your Sporcle Settings to finish the process.

Report this User

Report this user for behavior that violates our Community Guidelines.

Details: